Mona Lisa Motion - Zahide - Statistiken

Allgemein
  • Dieses Quiz wurde 89 mal gespielt
  • Das Durchschnittsergebnis liegt bei 214 aus 318
Antwortstatistiken
Antwort % Korrekt
du
90%
(Du)
90%
Du
90%
F
89%
you
89%
(You)
89%
You
89%
Z
89%
Zahide
87%
zahide
87%
checkst
86%
Checkst
86%
my
86%
wer
86%
Wer
86%
wissen
86%
Haare
84%
ist
84%
Jahre
84%
know
84%
Lange
84%
lange
84%
name
84%
ich
83%
mein
83%
Abi
81%
dich
81%
gefragt
81%
hat
81%
Keiner
81%
keiner
81%
sag
81%
vierzehn
81%
das
79%
die
79%
Hater
79%
lass
79%
red
79%
reden
79%
Und
79%
weil
79%
Chabos
78%
deine
76%
sagt
76%
Meinung
73%
Miese
73%
Paris
73%
Serdar
73%
Meine
71%
meine
71%
Baddie
70%
Cozy
68%
dir
68%
In
68%
in
68%
Jeans
68%
kann
68%
Kann
68%
Rari
68%
Religion
68%
religion
68%
True
68%
was
68%
fahr’n
67%
kennst
67%
Zeig
67%
im
65%
ne
65%
Tracksuit
63%
Mona
62%
Motion
60%
Gucci-Belt
59%
Lisa
59%
Nam’n
54%
so
54%
Ferragamo
52%
Zahl’n
52%
doch
51%
mein’n
49%
nimmst
49%
schon
49%
teuer
49%
als
48%
auf
48%
sind
48%
muss
46%
Ey
44%
Mehr
44%
Prada-Cups
44%
versteuern
44%
Oh
40%
war
40%
tamam
38%
Vorschuss
38%
Central
33%
Todes-Shame
33%
nicht
32%
Tiktok
32%
von
32%
für
30%
Sportlich
30%
cee
29%
Gen
29%
weia
29%
Diese
27%
über
27%
chill
24%
eins
24%
Platz
24%
überall
24%
deinem
22%
Feed
22%
Billboard
19%
Chaos
17%
Hamburg-Bahnhof
17%
liebt
17%
Monaco
17%
online
17%
sorg
17%
nach
16%
Trinke
16%
euch
14%
Uludag
14%
aus
13%
(Baddies)
13%
Gazoz
13%
hör’n
13%
Milano
13%
Allo
11%
Burberry-Schal
11%
Karo
11%
mit
11%
Prada-Stepper
11%
Keine übereinstimmenden Quizze gefunden
Verteilung der Resultate
Anzahl Personen mit jedem Resultat
Perzentil nach korrekt beantworteten Fragen
Ihre Resultats-Entwicklung
Sie haben dieses Quiz noch nicht gespielt